[Event "Østlandsserien 2013/2014, 3. div. C"]
[Site "Ås, Akershus NOR"]
[Date "2014.03.09"]
[Round "5"]
[White "Blauhut, Holger"]
[Black "Lea, Per"]
[Result "1-0"]
[WhiteElo "2132"]
[BlackElo "1662"]
[Annotator "Lea,Per"]
[PlyCount "115"]
[EventDate "2013.11.03"]
[Board "1"]
[WhiteTeam "Fredriksstad SS"]
[BlackTeam "Follo SF 1"]

1. e4 e5 2. Nf3 Nc6 3. Bc4 Nf6 4. d3 Bc5 5. c3 d6 6. h3 h6 7. Bb3 O-O 8. Nbd2
Be6 9. Nf1 Qd7 10. Bc2 d5 11. Qe2 d4 12. Ng3 Rae8 13. Ba4 Qd6 14. Nh4 Kh7 15.
Nhf5 Bxf5 16. Nxf5 Qd7 17. Qf3 Rg8 18. Nxh6 gxh6 19. Qxf6 Rg6 20. Qf3 Ree6 21.
Qf5 Qe7 $2 (21... dxc3 $1 {Hvit kommenterte etter partiet at "hadde du slått
på c3 er jeg ikke sikker på at jeg hadde overlevd." Det syntes jeg hørtes litt
drastisk ut, men trodde at hele poenget var trusselen mot f2, . Det jeg ser
først nå, er at det henger på d3. Derfor:} 22. Bb5 Qd4 23. Qxf7+ Kh8 24. Be3
Qb4 25. O-O (25. Bxc5 $4 cxb2+ 26. Ke2 bxa1=Q 27. Bxb4 Nd4+ 28. Ke3 Qxh1) 25...
cxb2 26. Rab1 Qxb5 27. a4 Qxd3 28. Bxc5 Ref6 29. Qe8+ Rg8 30. Qh5 Qxe4 31. g3
b6 32. Rfe1 (32. Be3 $2 Rxg3+ 33. fxg3 Qxe3+ 34. Kh2 Qd2+ 35. Kh1 Qd3 36. Rfe1
(36. Rxf6 $4 Qxb1+ 37. Kg2 Qe4+ 38. Rf3 Qe2+ 39. Rf2 Qxh5 $19 {Grunnen til at
jeg aldri vurderte å slå på c3, var nok en innebygd ryggmarkrefleks om at
"trusselen er verre enn utførelsen". Men altså: ikke alltid...}))) 22. Bxc6
bxc6 $2 ({Svart ser syner. Etter} 22... Rxc6 23. Qc8 Rxg2 {er det hvit som har
problemer.}) 23. O-O Ref6 24. Qh5 Rg7 $2 ({Siste sjanse til å slå på c3:} 24...
dxc3 25. bxc3 Qd7 26. d4 exd4 27. Qxc5 Qxh3 28. Bg5 Qg4 29. f3 Qg3 30. f4 Qe3+
31. Rf2 hxg5 32. f5 Rh6 33. Qxd4 $11) 25. c4 Rfg6 26. g3 Qe6 27. Kh2 Be7 28.
Rg1 Bg5 29. f4 Bxf4 30. Bxf4 exf4 31. gxf4 Qf6 32. Qf3 c5 33. Rxg6 Rxg6 {Det
er helt klart bedre å slå med madam'en, men svart sliter uansett.} 34. Qf2 Qe7
35. Rg1 Rf6 36. Rg2 Rg6 37. Rg4 h5 38. Rg5 Rxg5 39. fxg5 Qxg5 40. Qxf7+ Kh6 41.
Qf8+ Kh7 42. Qf5+ Qxf5 43. exf5 h4 44. Kg2 Kh6 45. Kf3 Kg5 46. f6 (46. Ke4 {er
enda enklere}) 46... Kxf6 47. Kf4 c6 48. b3 Ke6 49. Kg4 Ke5 50. Kg5 a6 51. a3
a5 52. a4 ({Svart vi at hvit skal forsyne seg med bonden i stedet:} 52. Kxh4 $4
Kf4 53. Kh5 Ke3 54. h4 Kxd3 {og vi får en enkel demonstrasjon av den kjente
sluttspillregel: "Svarte fribønder går fortest".}) 52... Ke6 53. Kxh4 Kf5 54.
Kg3 Kg5 55. h4+ Kh5 56. Kh3 Kg6 57. Kg4 Kh6 58. Kf5 {Oppgitt. Hvit spiller Kf5
- e6 -d6 x c5 x d4. Synd å ha skuslet bort partiet fordi jeg ikke så 21....
dxc3, men sånn går det ofte når ratingforskjellen er opp mot 500 poeng.} 1-0

[Event "Østlandsserien 2013/2014, 3. div. C"]
[Site "Ås, Akershus NOR"]
[Date "2014.03.09"]
[Round "5"]
[White "Kielland-Lund, Jon"]
[Black "Dogani, Avduraim"]
[Result "1/2-1/2"]
[WhiteElo "1609"]
[BlackElo "1921"]
[Annotator "Lea,Per"]
[PlyCount "116"]
[EventDate "2013.11.03"]
[Board "2"]
[WhiteTeam "Follo SF 1"]
[BlackTeam "Fredriksstad SS"]

1. c4 e6 2. d4 d5 3. Nf3 Nf6 4. g3 Be7 5. Bg2 Nbd7 6. O-O b6 7. cxd5 Nxd5 8.
Nc3 Bb7 9. Nxd5 Bxd5 10. b3 O-O 11. Bb2 Bf6 12. Rc1 Rc8 13. Re1 c5 14. e4 Bb7
15. e5 Be7 16. dxc5 Nxc5 17. Re3 Qxd1+ 18. Rxd1 Rfd8 19. Rxd8+ Rxd8 20. Nd4 Bf8
21. Bxb7 Nxb7 22. Nf3 Bc5 23. Re2 h6 24. Rd2 Kf8 25. Rxd8+ Nxd8 26. Kf1 Nc6 27.
a3 a5 28. h3 Ke8 29. Nd2 Kd7 30. Ne4 Bd4 31. Bxd4 Nxd4 32. Nd2 Kc6 33. f4 b5
34. Kf2 Kd5 35. Ke3 Nc2+ 36. Kd3 Nxa3 37. Kc3 f6 38. exf6 gxf6 39. Kd3 e5 40.
fxe5 fxe5 41. Ne4 Nb1 42. g4 a4 43. bxa4 bxa4 44. Nf6+ Kc5 45. h4 a3 46. Kc2
Nd2 47. g5 hxg5 48. hxg5 Nc4 49. Kb3 Nd6 50. g6 Nf5 51. Kxa3 Kd6 52. Kb4 Ke6
53. Nh5 Ne7 54. g7 Kf5 55. Kc4 Kg6 56. g8=Q+ Nxg8 57. Kd5 Kf5 58. Ng3+ Kf4 {Og
stillingen har vært død remis lenge - nå innser begge at det ikke nytter å
komme noen vei.} 1/2-1/2

[Event "Østlandsserien 2013/2014, 3. div. C"]
[Site "Ås, Akershus NOR"]
[Date "2014.03.09"]
[Round "5"]
[White "Livendahl, Kristian"]
[Black "Høva, Frode"]
[Result "1-0"]
[WhiteElo "1883"]
[BlackElo "1540"]
[Annotator "Lea,Per"]
[PlyCount "37"]
[EventDate "2013.11.03"]
[Board "3"]
[WhiteTeam "Fredriksstad SS"]
[BlackTeam "Follo SF 1"]

1. e4 c5 2. f4 d5 3. e5 Bf5 4. Nf3 Nc6 5. Be2 e6 6. d3 Be7 7. c3 Nh6 8. O-O O-O
9. Na3 d4 10. c4 f6 11. exf6 Bxf6 12. Nc2 Qe8 ({Mer naturlig er vel å gjøre
som hvit: få den deplasserte randspringeren i spill:} 12... Nf7 {og svart står
ørlite grann bedre.}) 13. h3 Qg6 14. Ng5 e5 $4 15. Bh5 Qxh5 16. Qxh5 Bxd3 17.
Rf2 e4 18. Ne1 Bxc4 19. Nxe4 {og svart ga opp den håpløse kampen.} 1-0

[Event "Østlandsserien 2013/2014, 3. div. C"]
[Site "Ås, Akershus NOR"]
[Date "2014.03.09"]
[Round "5"]
[White "Nissen, Ulrik"]
[Black "Skaug, Thorbjørn"]
[Result "1/2-1/2"]
[WhiteElo "1159"]
[BlackElo "1207"]
[Annotator "Lea,Per"]
[PlyCount "30"]
[EventDate "2013.11.03"]
[Board "4"]
[WhiteTeam "Follo SF 1"]
[BlackTeam "Fredriksstad SS"]

1. e4 e6 2. d4 a6 {Svart fornekter seg ikke: allerede som Ås-spiller fra
1980-tallet og en 10-15 år framover utmerket han seg ved å spille
ukonvensjonelle åpninger. Som hvit var (er?) hans spesialvåpen som hvit: 1.b4..
.} 3. Nf3 b5 4. Bg5 Be7 5. Bxe7 Qxe7 6. a3 Nf6 7. Nbd2 Bb7 8. Bd3 d6 9. e5 Nd5
10. c3 Nd7 11. O-O dxe5 12. Nxe5 Nxe5 13. dxe5 Nf4 14. Be4 Bxe4 15. Nxe4 O-O {
med remistilbud, som ble mottatt. Selv om dette var spikeren i kista for et
Follo-opprykk, hadde vi forlengst innsett at 4-0 som vi trengte for å rykke
opp, var langt utenfor rekkevidde. Et helt greit resultat for Ulrik, som står
med 37.5% score på 4 Østlandsseriepartier.} 1/2-1/2

[Event "Østlandsserien 2013/2014, 3. div. D"]
[Site "Oslo NOR"]
[Date "2013.11.03"]
[Round "1"]
[White "Furnes, Torstein"]
[Black "Bryn, Askild"]
[Result "0-1"]
[WhiteElo "1575"]
[BlackElo "2025"]
[Annotator "Furnes, Torstein"]
[PlyCount "60"]
[EventDate "2013.11.03"]
[WhiteTeam "Follo 2"]
[BlackTeam "Vålerenga 2"]

1. d4 d6 2. c4 Nd7 3. e4 e5 4. Nf3 g6 5. d5 Ne7 6. Nc3 Bg7 7. Bd3 O-O 8. Bg5 h6
9. Bxe7 $6 Qxe7 10. Qd2 f5 11. exf5 $2 Nc5 (11... e4 12. Qe3 Re8 13. Nxe4 gxf5
14. Nc3 Bxc3+ 15. bxc3 Qf7) 12. Bc2 gxf5 13. O-O-O a6 14. h4 b5 15. cxb5 axb5
16. Nxb5 $2 (16. b4) 16... Rxa2 17. Kb1 Ra6 18. h5 Bd7 19. Nxc7 Ra7 20. Ne6
Rfa8 21. Bxf5 Ra1+ 22. Kc2 Ba4+ 23. Kc3 Qb7 24. Nxc5 dxc5 (24... e4+ 25. Nd4
dxc5 {gir matt i 6 trekk}) 25. Be6+ Kh8 26. Kd3 Qb3+ 27. Ke2 Bb5+ 28. Ke1 Qxd1+
(28... Qc4 29. Bf5 Rxd1+ 30. Qxd1 Ra1 31. Kd2 Qxd5+ 32. Kc2 Ba4+ 33. b3 Bxb3+
34. Kb2 Bxd1 35. Rxd1 e4+ 36. Nd4 Bxd4+ 37. Rxd4 Qa2+ 38. Kc3 Rc1#) 29. Qxd1
Rxd1+ 30. Kxd1 Ra1+ 0-1

[Event "Østlandsserien 2013/2014, 3. div. D"]
[Site "Oslo NOR"]
[Date "2013.11.03"]
[Round "1"]
[White "Danielsen, Magnus"]
[Black "Moberg, Jan Rune"]
[Result "1-0"]
[WhiteElo "1881"]
[BlackElo "1500"]
[PlyCount "133"]
[EventDate "2013.11.03"]
[WhiteTeam "Vålerenga 2"]
[BlackTeam "Follo 2"]

1. e4 e5 2. Nf3 d6 3. d4 Nd7 4. Nc3 c6 5. Bc4 Be7 6. O-O Ngf6 7. Qe2 O-O 8. Rd1
Qc7 9. Bg5 b5 10. Bb3 a6 11. dxe5 dxe5 12. a4 Bb7 13. Rd2 Nc5 14. Bxf6 Bxf6 15.
Rad1 Rad8 16. axb5 axb5 17. Ba2 Bc8 18. Qe3 Rxd2 19. Rxd2 Be7 20. h3 Ne6 21.
Ne2 Bb4 22. Rd1 Be7 23. Qc3 Bf6 24. Bb3 Rd8 25. Rxd8+ Nxd8 26. Nc1 c5 27. Bd5
Ne6 28. b3 Nf4 29. Qd2 g5 30. Ne2 g4 31. Nxf4 gxf3 32. Nh5 Qe7 33. Qh6 Bh8 34.
g4 Be6 35. Bxe6 Qxe6 36. Qxe6 fxe6 37. Kh2 Kf7 38. Kg3 Kg6 39. Kxf3 Kg5 40. Kg3
h6 41. h4+ Kg6 42. Kh3 Kf7 43. Ng3 Bf6 44. Ne2 Be7 45. Nc3 b4 46. Na4 Kg6 47.
Kg3 Kf7 48. Nb6 Kg6 49. Nc4 Kf6 50. Nd2 Kg6 51. Nf3 Bd6 52. Kg2 Kf6 53. Kf1 Kg6
54. Ke2 Kf7 55. Kd3 Kg6 56. Kc4 Kg7 57. Kb5 Kf7 58. Kc6 Ke7 59. Ne1 Bb8 60.
Kxc5 Ba7+ 61. Kxb4 Bxf2 62. Nf3 Kd6 63. Kb5 Be3 64. c4 Bc5 65. b4 Be3 66. c5+
Kc7 67. g5 1-0

[Event "Østlandsserien 2013/2014, 3. div. D"]
[Site "Oslo NOR"]
[Date "2013.11.03"]
[Round "1"]
[White "Brenden, Torbjørn"]
[Black "Mundal, Arnold"]
[Result "1-0"]
[WhiteElo "1395"]
[BlackElo "1751"]
[PlyCount "75"]
[EventDate "2013.11.03"]
[WhiteTeam "Follo 2"]
[BlackTeam "Vålerenga 2"]

1. d4 Nf6 2. Nf3 e6 3. c4 d5 4. Nc3 c6 5. Bg5 Be7 6. e3 O-O 7. Bd3 Nbd7 8. O-O
dxc4 9. Bxc4 Nb6 10. Bb3 h6 11. Bh4 Nfd5 12. Bg3 Nxc3 13. bxc3 c5 14. Ne5 Nd7
15. Nxf7 Rxf7 $2 (15... Kxf7 16. Qh5+ Kg8 17. Bxe6+ Kh8) 16. Bxe6 Nf6 17. Bxf7+
Kxf7 18. Qb3+ Qd5 19. c4 Qd7 20. Rad1 Qf5 21. f3 Ne8 22. e4 Qg6 23. d5 b6 24.
e5 Bf5 25. d6 Bd8 26. Qe3 Qe6 27. Qc3 Qd7 28. Qd2 Bg5 $2 29. Qd5+ Be6 30. Qxa8
Be3+ 31. Bf2 Bf4 32. Qe4 Bg5 33. g4 Bd8 34. h3 g6 35. f4 Ng7 36. Bg3 Qc8 37.
Rd2 Qd7 38. Rdf2 1-0

[Event "Østlandsserien 2013/2014, 3. div. D"]
[Site "Oslo NOR"]
[Date "2013.11.03"]
[Round "1"]
[White "Næss, Sara"]
[Black "Thowsen, Alf Geir"]
[Result "1-0"]
[WhiteElo "1387"]
[BlackElo "1166"]
[Annotator "Fritz 10"]
[PlyCount "93"]
[EventDate "2013.11.03"]
[WhiteTeam "Vålerenga 2"]
[BlackTeam "Follo 2"]

1. e4 e6 2. d4 d5 3. Nd2 Nc6 4. c3 Be7 5. Bd3 dxe4 6. Nxe4 Nf6 7. Nf3 Bd7 8.
O-O O-O 9. Re1 Nxe4 10. Bxe4 f5 11. Bc2 Rf6 12. Bg5 Rg6 13. Bxe7 Nxe7 14. Ne5
Rf6 15. Nxd7 Qxd7 16. Bb3 Qc6 17. Ba4 b5 18. Bb3 Rg6 19. f3 (19. d5 $1 Nxd5 $6
20. Rxe6 Rxe6 21. Bxd5 Qd6 22. Bxa8 $18) 19... Nd5 20. Bxd5 Qxd5 21. Re5 Qc6
22. Qe2 a6 23. Re1 Re8 24. Kf1 Kf7 25. Rc5 Qd6 26. Qe5 (26. Rxf5+ $1 exf5 $2
27. Qxe8+ $18) 26... Qxe5 27. Rexe5 Rc8 28. Rc6 Ke7 29. d5 Kd7 30. Rxa6 c6 31.
dxc6+ Rxc6 32. Ra7+ Kd6 33. Rxb5 Rh6 34. h3 g5 35. Rg7 Rh5 36. Kf2 h6 37. Kg3
Rc4 38. Rb4 Rhh4 39. Rxc4 Rxc4 40. Rb7 Ra4 41. a3 e5 42. Rb6+ Kd5 43. Rxh6 e4
44. fxe4+ fxe4 45. Kf2 Kc4 46. Ke3 Kb3 47. Rb6+ 1-0

[Event "Østlandsserien 2013/2014, 3. div. D"]
[Site "Korsvoll skole, Oslo NOR"]
[Date "2013.12.08"]
[Round "2"]
[White "Lange, Holger"]
[Black "Sjøl, Henrik"]
[Result "1-0"]
[WhiteElo "1633"]
[BlackElo "1765"]
[PlyCount "153"]
[EventDate "2013.11.03"]
[Board "1"]
[WhiteTeam "Follo 2"]
[BlackTeam "Akademisk 2"]

1. e4 c6 2. d4 d5 3. exd5 cxd5 4. Bd3 Nc6 5. Nf3 Bg4 6. c3 Nf6 7. Bg5 e6 8. O-O
Be7 9. Nbd2 Bh5 10. Qb3 Qc7 11. Rac1 O-O 12. Rfe1 Bg6 13. Bxg6 hxg6 14. Bh4 a6
15. c4 Rfd8 16. c5 Nh5 17. Qe3 Bxh4 18. Nxh4 Qf4 19. Nhf3 Qxe3 20. Rxe3 Nf6 21.
h3 Rac8 22. Rb3 Rc7 23. Re1 Nd7 24. Rc3 Rdc8 25. Nb3 Nf6 26. Nfd2 Nd7 27. f4
Nf6 28. a3 Rd8 29. Rd3 Rcd7 30. Nc1 Ne4 31. b4 f6 32. Ncb3 Nxd2 33. Rxd2 Kf7
34. Rde2 Re7 35. g4 Rde8 36. Rf2 Rh8 37. Kg2 Rhe8 38. Re3 Kf8 39. Rd3 Kf7 40.
Nc1 Kf8 41. Ne2 Kf7 42. Nc3 Rb8 43. Rb2 Ree8 44. Na4 Rbd8 45. Nc3 Rb8 46. Ne2
Rbd8 47. Rdb3 Kf8 48. Rb1 Kg8 49. R3b2 e5 50. dxe5 fxe5 51. Rd2 d4 52. fxe5
Rxe5 53. Rbd1 Re3 54. Nxd4 Nxd4 55. Rxd4 Rxd4 56. Rxd4 Rxa3 57. Rd8+ Kh7 58.
Rb8 Ra2+ 59. Kg3 Ra3+ 60. Kh4 a5 61. Rxb7 axb4 62. Rxb4 Rc3 63. Rb5 Rc4 64. Kg5
Rc3 65. h4 Rc4 66. Ra5 Rc1 67. Kf4 Rc4+ 68. Kf3 Rc3+ 69. Ke4 Rc4+ 70. Kd5 Rxg4
71. c6 Rxh4 72. Rc5 Rf4 73. c7 Rf8 74. c8=Q Rxc8 75. Rxc8 g5 76. Ke4 Kg6 77.
Kf3 1-0

[Event "Østlandsserien 2013/2014, 3. div. D"]
[Site "Korsvoll skole, Oslo NOR"]
[Date "2013.12.08"]
[Round "2"]
[White "Olsen, Andrei"]
[Black "Furnes, Torstein"]
[Result "1-0"]
[WhiteElo "1646"]
[BlackElo "1575"]
[PlyCount "163"]
[EventDate "2013.11.03"]
[Board "2"]
[WhiteTeam "Akademisk 2"]
[BlackTeam "Follo 2"]

1. e4 c5 2. Nf3 Nc6 3. Bb5 a6 4. Bxc6 bxc6 5. O-O d5 6. e5 Bg4 7. h3 Bh5 8. d3
e6 9. Nc3 Qc7 10. Re1 Ne7 11. Bf4 d4 12. Na4 Nd5 13. Bd2 Be7 14. b3 O-O 15. Nb2
Rae8 16. Nc4 f6 17. Ba5 Qd7 18. Qe2 Bxf3 19. Qxf3 fxe5 20. Qg3 Rf4 21. Nxe5 Qc8
22. Re2 Ref8 23. Qh2 Bd6 24. Nc4 Bb8 25. g3 Rf3 26. Nd2 R3f5 27. Ne4 Ne7 28.
Bd2 Ng6 29. Qg2 Qd7 30. Ree1 Qd5 31. Rf1 h6 32. a4 Rf3 33. Rae1 Kh7 34. Bc1 Ne7
35. Ba3 Bd6 36. Nd2 R3f5 37. Qe4 R8f6 38. Kg2 Rg6 39. Nc4 Bc7 40. Bc1 h5 41.
Bd2 Nc8 42. Ba5 Bxa5 43. Qxd5 cxd5 44. Nxa5 e5 45. Re2 Nd6 46. Nc6 Re6 47. f4
Nf7 48. Na5 e4 49. g4 hxg4 50. hxg4 Rff6 51. f5 Re5 52. dxe4 dxe4 53. Nc4 Re7
54. Rf4 Ng5 55. Kg3 e3 56. b4 Ne4+ 57. Kf3 Nc3 58. g5 Rc6 59. g6+ Kg8 60. Re1
cxb4 61. Rxd4 Rc8 62. Rxe3 Rxe3+ 63. Nxe3 a5 64. Nc4 Nxa4 65. Nxa5 Rc3+ 66. Kg4
Kf8 67. Rxb4 Nc5 68. Nc6 Ke8 69. Rb8+ Kd7 70. Ne5+ Kd6 71. Nf7+ Ke7 72. Ng5
Rxc2 73. Rg8 Kf6 74. Rf8+ Ke5 75. Nf3+ Ke4 76. Re8+ Kd5 77. Kh3 Rc3 78. Kg2 Ne4
79. Rd8+ Nd6 80. f6 gxf6 81. g7 Rc2+ 82. Kg3 1-0

[Event "Østlandsserien 2013/2014, 3. div. D"]
[Site "Korsvoll skole, Oslo NOR"]
[Date "2013.12.08"]
[Round "2"]
[White "Olsen, Alf Marius Foss"]
[Black "Holm, Bjarne"]
[Result "0-1"]
[WhiteElo "1480"]
[BlackElo "1376"]
[PlyCount "78"]
[EventDate "2013.11.03"]
[Board "4"]
[WhiteTeam "Akademisk 2"]
[BlackTeam "Follo 2"]

1. e4 e5 2. Nf3 Nc6 3. Bb5 a6 4. Ba4 d6 5. h3 b5 6. Bb3 h6 7. O-O Nf6 8. Re1
Bb7 9. c3 Be7 10. d4 O-O 11. Nbd2 Rb8 12. Nf1 Nd7 13. Ng3 Kh8 14. Be3 Na5 15.
Bc2 Nc4 16. Bc1 Bf6 17. b3 Ncb6 18. Be3 d5 19. dxe5 Nxe5 20. Bd4 Nxf3+ 21. gxf3
dxe4 22. fxe4 Bxd4 23. cxd4 Bc8 24. Qd3 Bxh3 25. Re3 Qg5 26. Kh2 Qh4 27. Kg1
Qg5 28. Kh2 Qh4 29. Qd2 Bg4+ 30. Kg1 Qg5 31. Qe1 h5 32. f3 Bd7 33. Kf2 h4 34.
Qh1 Qxg3+ 35. Ke2 Qf4 36. Rg1 g5 37. e5 Nd5 38. Rd3 Bf5 39. Rd2 Nc3+ 0-1

[Event "Østlandsserien 2013/2014, 3. div. D"]
[Site "Ås, Akershus NOR"]
[Date "2014.01.12"]
[Round "3"]
[White "Ofstad, Per"]
[Black "Furnes, Torstein"]
[Result "1-0"]
[WhiteElo "2165"]
[BlackElo "1575"]
[Annotator "Furnes, Torstein"]
[PlyCount "129"]
[EventDate "2013.11.03"]
[Board "1"]
[WhiteTeam "OSS 5"]
[BlackTeam "Follo 2"]

1. e4 c5 2. Nc3 Nc6 3. Nge2 Nf6 4. d4 cxd4 5. Nxd4 e5 6. Nf5 d5 7. exd5 Bxf5 8.
dxc6 Qxd1+ 9. Nxd1 bxc6 10. Ne3 Be6 11. Bc4 Nd5 12. Bb3 Bc5 13. O-O O-O {
Så langt har vi fulgt partier som finnes i den store online databasenchesslive.
de, men svarts siste trekk finnes ikke i basen.} ({
Partiet Stoppa (2214) - Cichy (2096), Imperia 2005, fortsatte} 13... Nxe3 14.
Bxe3 Bxe3 15. fxe3 Ke7 16. Bxe6 Kxe6 {og endte remis etter 34 trekk.}) 14. Re1
f6 15. Nxd5 cxd5 16. Be3 Bxe3 17. Rxe3 Kf7 18. Rd1 Rfd8 19. Red3 d4 20. c3 Bxb3
21. axb3 Rd5 22. f3 Rad8 23. Ra1 R8d7 24. Kf2 Ke6 25. Ra6+ Kf5 26. b4 h5 27. c4
R5d6 28. Rxd6 Rxd6 29. c5 Rd7 30. c6 Rc7 31. b5 Ke6 32. Ra3 Kd6 33. b4 f5 34.
Ra1 g5 35. Rc1 e4 $2 {En feil som gjør at svart mister bonde.} 36. Rc4 Kd5 37.
Rc5+ Ke6 38. fxe4 fxe4 39. Rxg5 Rf7+ 40. Ke2 e3 41. Kd3 Rf2 42. Kxd4 e2 43.
Re5+ Kd6 44. Re8 Rxg2 45. Kd3 Rxh2 $2 ({Svart måtte prøvd} 45... Rg5 46. Rxe2
Rxb5) 46. Rxe2 Rh3+ 47. Re3 Rh1 48. Re4 h4 49. Rd4+ Kc7 50. Rd7+ Kb8 51. b6
axb6 52. Kc4 h3 $2 $18 {Fritz 10 vurderer hvits fordel til å være nede i 0.30
dersom svart istedet spiller tårnet til e1, f1 eller g1, med planen å flytte
tårnet til 4. raden.} 53. Kb5 {Nå kunne nok svart gitt opp.} Rb1 54. Rh7 Rb3
55. Rh4 Kc7 56. Rh8 Kd6 57. Rh7 Rc3 58. Rd7+ Ke6 59. Kxb6 h2 60. Rh7 Rc2 61. b5
Kd6 62. Kb7 Rb2 63. b6 Kc5 64. Rh5+ Kd6 65. c7 1-0

[Event "Østlandsserien 2013/2014, 3. div. D"]
[Site "Ås, Akershus NOR"]
[Date "2014.01.12"]
[Round "3"]
[White "Moberg, Jan Rune"]
[Black "Wicklund-Hansen, Richard"]
[Result "1/2-1/2"]
[WhiteElo "1500"]
[BlackElo "1721"]
[Annotator "Fritz 10"]
[PlyCount "113"]
[EventDate "2013.11.03"]
[Board "2"]
[WhiteTeam "Follo 2"]
[BlackTeam "OSS 5"]

1. d4 d5 2. c4 e6 3. Nf3 c6 4. g3 dxc4 5. a4 b5 6. Bg2 Bb4+ 7. Bd2 Bxd2+ 8.
Qxd2 Bb7 9. Ne5 Qc7 10. O-O Nf6 11. Nc3 a6 12. Qf4 O-O 13. Ne4 Nbd7 14. Nc5 (
14. Nxd7 Qxf4 15. gxf4 Nxd7 16. Nd6 Rab8 17. axb5 axb5 18. Ra7 $18) 14... Nxc5
15. dxc5 Nd5 16. Qe4 Qe7 17. Qd4 Rfd8 18. a5 Nb4 19. Qf4 f6 20. Nxc4 bxc4 21.
Qxc4 Nd5 22. b4 Kh8 23. Rfe1 e5 24. e3 Bc8 25. Rab1 Be6 26. Qh4 f5 27. Qh5 g6
28. Qh6 e4 29. Bf1 Rdb8 30. Rec1 Nxb4 31. Qf4 Rb7 32. Qe5+ Kg8 33. Rd1 Re8 34.
Rd6 Bd5 35. Qd4 Na2 36. Qa1 (36. Rxd5 $1 Rxb1 37. Rd7 Qe5 38. Qc4+ Qe6 39. Qd4
$11) 36... Rxb1 37. Qxb1 Nc3 38. Qb6 Nb5 39. Bxb5 axb5 40. a6 Ra8 41. Kg2 Kf7
42. h4 Qa7 43. Qa5 Rb8 44. h5 b4 45. h6 b3 46. Qc3 Kg8 47. Qf6 b2 48. Rd8+ Rxd8
49. Qxd8+ Kf7 50. Qh8 Ke6 51. Qxb2 Qxc5 52. Qg7 Qe7 53. Qg8+ Kf6 54. Qb8 c5 55.
a7 Kg5 56. Qf4+ Kf6 57. Qb8 1/2-1/2

[Event "Østlandsserien 2013/2014, 3. div. D"]
[Site "Ås, Akershus NOR"]
[Date "2014.01.12"]
[Round "3"]
[White "Nissen, Ulrik"]
[Black "Hellem, Gunnar"]
[Result "0-1"]
[WhiteElo "1220"]
[BlackElo "1477"]
[Annotator "Fritz 10"]
[PlyCount "80"]
[EventDate "2013.11.03"]
[Board "4"]
[WhiteTeam "Follo 2"]
[BlackTeam "OSS 5"]

1. e4 c5 2. Nf3 Nc6 3. Nc3 g6 4. d4 cxd4 5. Nxd4 Bg7 6. Nf3 d6 7. Be3 Nf6 8.
Qd2 O-O 9. Bh6 Qb6 10. O-O-O Bxh6 (10... Nxe4 $1 11. Be3 (11. Qe3 Nxf2) (11.
Nxe4 $4 Qxb2#) 11... Nxd2 12. Bxb6 Nxf3) 11. Qxh6 Ng4 12. Qg5 Nxf2 13. Nd5 Qd8
14. Qh6 f6 15. Bc4 e6 16. Nf4 Qe7 17. Nh4 Ng4 18. Nhxg6 hxg6 19. Qxg6+ Qg7 20.
Bxe6+ Bxe6 21. Qxg7+ Kxg7 22. Nxe6+ Kf7 23. Nxf8 Nf2 24. Rdf1 Nxh1 25. Nd7 Ke6
26. Nxf6 Rf8 27. Rxh1 Rxf6 28. g3 Rf2 29. c3 Ne5 30. h3 Nd3+ 31. Kd1 Rxb2 32.
Rf1 Rxa2 33. h4 Nf2+ 34. Ke1 Nxe4 35. g4 Nxc3 (35... Ra1+ 36. Ke2 Ng3+) 36. h5
Ra1+ (36... Re2#) 37. Kf2 Rxf1+ 38. Kxf1 Kf6 39. h6 Kg6 40. g5 Ne4 0-1

[Event "Østlandsserien 2013/2014, 3. div. D"]
[Site "Korsvoll, Oslo NOR"]
[Date "2014.02.09"]
[Round "4"]
[White "Beddari, Steinar"]
[Black "Holm, Bjarne"]
[Result "0-1"]
[WhiteElo "1673"]
[BlackElo "1447"]
[Annotator "Furnes, Torstein"]
[PlyCount "119"]
[EventDate "2013.11.03"]
[Board "2"]
[WhiteTeam "1911 4"]
[BlackTeam "Follo 2"]

1. e4 e5 2. Nf3 Nc6 3. d4 exd4 4. Nxd4 Nf6 5. Nxc6 bxc6 6. e5 Nd5 7. Bd3 d6 8.
Qe2 Qe7 9. O-O Rb8 10. Re1 dxe5 11. Qxe5 Qxe5 12. Rxe5+ Be6 13. b3 Be7 14. Bg5
Rd8 15. Bxe7 Kxe7 16. Na3 Kf6 17. Rae1 Nb4 18. Bc4 Bxc4 19. Nxc4 Nxc2 20. Rc1
Nb4 21. Ra5 a6 22. Ne3 Rd6 23. Rc4 Rhd8 24. g3 (24. Rf4+ Ke7 (24... Kg6 25.
Rxb4 Rd1+ 26. Nf1) (24... Ke6 25. Re4+ Kf6 26. Rf5+ Kg6 27. h4) 25. Nf5+ Kf8
26. Nxd6) 24... Rb8 25. Ra4 Nd5 26. Nxd5+ cxd5 27. Rxc7 d4 28. Kf1 Re8 29. Rcc4
d3 30. Rf4+ Kg6 31. Rad4 Red8 32. Rxd6+ Rxd6 33. Ke1 Re6+ 34. Kd2 Re2+ 35. Kxd3
Rxa2 36. h4 f5 37. Ra4 Rxf2 (37... Rxa4 38. bxa4 Kh5 39. Kc4 (39. f3 $2 f4)
39... Kg4 40. Kb4 Kf3 41. Ka5 Kxf2 42. Kxa6 Kxg3 43. Kb6 f4 44. a5 f3 45. a6 f2
46. a7 f1=Q 47. a8=Q {I denne stillingen finner ikke Fritz 10 noen umiddelbar
vinstvariant for svart. Det ser ikke ut som svart kan fremtvinge dronningbytte.
Hvis svart slår bonden på h4, sier sluttspilldatabasen at stillingen er remis
(etter De4+).}) 38. Rxa6+ Kh5 39. Ke3 Rc2 40. Rd6 Kg4 41. Kd3 Rc1 42. Kd2 Rg1
43. Rd7 g6 44. b4 Rxg3 45. Rxh7 Rb3 46. Rh6 Rxb4 47. Rxg6+ Kxh4 {Dermed er vi
over i et 5-brikkers sluttspill. I databaser på internett kan man som kjent
finne fasiten på alle mulige stillinger som kan oppstå. Stillingen som er på
brettet akkurat nå, er teoretisk remis.} 48. Ke3 Rg4 49. Rf6 Kg5 50. Rf7 Rg3+
51. Kf2 Rb3 52. Rf8 Kf4 53. Ke2 Rb2+ 54. Kf1 Ke4 55. Ra8 f4 56. Ra4+ Kf3 57.
Ra3+ Kg4 58. Ra8 Kg3 59. Ra3+ $2 {Tapstrekket. Hvit har teoretisk remis etter
Tf8 eller Tg8. Etter teksttrekket har svart matt i 14 trekk !} f3 60. Ra1 0-1

[Event "Østlandsserien 2013/2014, 3. div. D"]
[Site "Korsvoll, Oslo NOR"]
[Date "2014.02.09"]
[Round "4"]
[White "Simonsen, Steinar"]
[Black "Iversen, Anders B"]
[Result "1/2-1/2"]
[WhiteElo "1333"]
[BlackElo "1465"]
[PlyCount "92"]
[EventDate "2013.11.03"]
[Board "3"]
[WhiteTeam "Follo 2"]
[BlackTeam "1911 4"]

1. e4 c5 2. Nf3 d6 3. d4 cxd4 4. Nxd4 Nf6 5. Nc3 g6 6. Bb5+ Bd7 7. O-O Bg7 8.
Be3 O-O 9. Bc4 Nc6 10. Nxc6 bxc6 11. Qd2 Ng4 12. Bf4 Qb6 13. Rab1 a5 14. h3 Ne5
15. Bd3 a4 16. Be3 Qa5 17. Be2 Be6 18. Bh6 Nc4 19. Bxc4 Bxh6 20. Qxh6 Bxc4 21.
Rfe1 Qe5 22. Qe3 a3 23. b3 Be6 24. f4 Qa5 25. Ne2 c5 26. f5 Bd7 27. Qg5 Qd8 28.
h4 Kg7 29. h5 h6 30. Qg3 g5 31. Rf1 f6 32. Nf4 Qc8 33. Nd5 Qd8 34. Rbd1 Bc6 35.
Nf4 Bd7 36. c4 Kh7 37. Nd5 Bc6 38. Nc3 Qd7 39. Nd5 Bxd5 40. Rxd5 (40. exd5)
40... Rad8 41. Rfd1 Qc7 42. Qd3 Kg7 43. Qe3 Rfe8 44. Qc1 Qa5 45. Qe3 Qc7 46.
Qc1 Qa5 1/2-1/2